000 00292nam a22001337a 4500
008 210305b ||||| |||| 00| 0 eng d
041 _aeng
080 _a510
082 _2510
100 _a36
101 _aMAT
245 _aIntroduction to Topological Groups
_cHusain,T
942 _2udc
_cBK
999 _c55803
_d55803